000 00554nam a2200205Ia 4500
003 OSt
005 20241210115211.0
008 210716s1995 xx 000 0 und d
020 _a0373033532
040 _cAIMIT LIBRARY
041 _aeng
082 _a808.83
_21
_bGEOC
100 _aGeorge, Catherine.
_9189435
245 _aEvidence of sin /
_cBy Catherine George.
250 _a1st ed.
260 _aNew York :
_bHarlequin Books ;
_c1995.
300 _a188p. ;
_bPB
_c17 cm.
650 _aNovels
_9189436
942 _2ddc
_cBK
_e1st ed.
_k808.83 GEOC
999 _c199946
_d199946